La Estructura social de la Argentina: evidencias y conjeturas acerca de la estratificación actual /
Сохранить в:
| Главный автор: | |
|---|---|
| Соавтор: | |
| Формат: | Текст |
| Серии: | SERIE POLITICAS SOCIALES/CEPAL
|
| Предметы: | |
| Метки: |
Добавить метку
Нет меток, Требуется 1-ая метка записи!
|
MARC
| LEADER | 00000 a a2200000 04500 | ||
|---|---|---|---|
| 001 | 48416 | ||
| 003 | |||
| 040 | |||
| 090 | |a REV1291 (59) 2002 | ||
| 100 | |a Mora y Araujo, Manuel | ||
| 110 | |a NACIONES UNIDAS CEPAL | ||
| 245 | |a La Estructura social de la Argentina: |b evidencias y conjeturas acerca de la estratificación actual / |c Manuel Mora y Araujo | ||
| 440 | |a SERIE POLITICAS SOCIALES/CEPAL | ||
| 650 | |a ARGENTINOS | ||
| 650 | |a ESTRATIFICACION SOCIAL | ||
| 650 | |a ESTADISTICAS DE LA EDUCACION | ||
| 650 | |a ESTADISTICAS DE EMPLEO | ||
| 650 | |a POBREZA | ||
| 773 | |g número59, (2002) | ||
| 999 | |c 28594 |d 28594 | ||
